LEADER 02979nam 2200649Ia 450 001 9910457184303321 005 20220207202834.0 010 $a1-283-30570-4 010 $a9786613305701 010 $a1-937006-08-5 035 $a(CKB)2550000000057479 035 $a(EBL)787845 035 $a(OCoLC)759807423 035 $a(SSID)ssj0000639590 035 $a(PQKBManifestationID)11376133 035 $a(PQKBTitleCode)TC0000639590 035 $a(PQKBWorkID)10605121 035 $a(PQKB)11732449 035 $a(MiAaPQ)EBC787845 035 $a(MiAaPQ)EBC6084620 035 $a(Au-PeEL)EBL787845 035 $a(CaPaEBR)ebr10505504 035 $a(CaONFJC)MIL330570 035 $a(Au-PeEL)EBL6084620 035 $a(OCoLC)1156145544 035 $a(EXLCZ)992550000000057479 100 $a20040921d2004 uy 0 101 0 $aeng 135 $aur|n|---||||| 181 $ctxt 182 $cc 183 $acr 200 10$aPeace begins here$b[electronic resource] $ePalestinians and Israelis listening to each other /$fThich Nhat Hanh 210 $aBerkeley, Calif. $cParallax Press$dc2004 215 $a1 online resource (150 p.) 300 $aDescription based upon print version of record. 311 $a1-888375-45-0 327 $aTitle Page; PARALLAX PRESS BOOKS BY THICH NHAT HANH; Our Way Out is the Way In; Introduction; 1 - The Right Time for a Picnic; 2 - Cultivating the Seeds of Peace; 3 - Finding Happiness; 4 - A People's Peace Treaty; 5 - Anger and Reconciliation; 6 - Peace Is Possible; Practices for Peace; Mindful Walking; Mindful Eating; Deep Listening & Loving Speech; Deep Relaxation; Beginning Anew; The Peace Treaty; PEACE TREATY; The Five Mindfulness Trainings; Copyright Page 330 $aIn Peace Begins Here, Nobel Peace Prize nominee and Zen master Thich Nhat Hanh demonstrates how a real peace process is based on spiritual, not political, strength. He offers the idea that peace in oneself is the basis of peace in the family, society, and the world.Based on an ongoing Buddhist retreat project for Israelis and Palestinians, this book suggests practical ways to handle our strong emotions and misperceptions. If we bring peace into ourselves we have a clearer understanding of ourselves as well as others. 606 $aArab-Israeli conflict$xPeace 606 $aConflict management$xReligious aspects$xBuddhism 606 $aPeace$xReligious aspects$xBuddhism 606 $aReligious life$xBuddhism 608 $aElectronic books. 615 0$aArab-Israeli conflict$xPeace. 615 0$aConflict management$xReligious aspects$xBuddhism. 615 0$aPeace$xReligious aspects$xBuddhism. 615 0$aReligious life$xBuddhism. 676 $a294.3/37273 700 $aNha??t Ha?nh$cThi?ch,$f1926-2022.$01075870 801 0$bMiAaPQ 801 1$bMiAaPQ 801 2$bMiAaPQ 906 $aBOOK 912 $a9910457184303321 996 $aPeace begins here$92586179 997 $aUNINA LEADER 03676nam 2200625 a 450 001 9910953268503321 005 20240514051142.0 010 $a1-283-31254-9 010 $a9786613312549 010 $a90-272-7621-8 035 $a(CKB)2550000000063708 035 $a(EBL)794821 035 $a(OCoLC)759101603 035 $a(SSID)ssj0000826524 035 $a(PQKBManifestationID)11452940 035 $a(PQKBTitleCode)TC0000826524 035 $a(PQKBWorkID)10799098 035 $a(PQKB)10379113 035 $a(Au-PeEL)EBL794821 035 $a(CaPaEBR)ebr10509471 035 $a(DE-B1597)719525 035 $a(DE-B1597)9789027276216 035 $a(MiAaPQ)EBC794821 035 $a(EXLCZ)992550000000063708 100 $a20111205d1996 uy 0 101 0 $aeng 135 $aur|n|---||||| 181 $ctxt$2rdacontent 182 $cc$2rdamedia 183 $acr$2rdacarrier 200 10$aPapers from the annual Symposium on Arabic Linguistics /$feditors, Mushira Eid, Dilworth Parkinson 205 $a1st ed. 210 1$aAmsterdam :$cJohn Benjamins Pub. Co.,$d1996. 215 $a1 online resource (257 pages) $cillustrations 225 1 $aAmsterdam studies in the theory and history of linguistic science. Series IV, Current issues in linguistic theory,$x0304-0763 ;$vv. 141 225 0 $aPerspectives on Arabic linguistics ;$vIX 311 08$a90-272-3645-3 320 $aIncludes bibliographical references and index. 327 $aPERSPECTIVES ON ARABIC LINGUISTICS IX; Editorial page; Title page; Copyright page; Table of contents; FOREWORD; INTRODUCTION; I. CODESWITCHING WITH ARABIC; ARABIC AND CONSTRAINTS ON CODESWITCHING; EMBEDDING VERBS AND COLLOCATIONSIN MOROCCAN ARABIC/DUTCH CODESWITCHING; CODESWITCHING, CODE-MIXING, AND BORROWINGIN THE SPOKEN ARABIC OF A THEATRICALCOMMUNITY IN CAIRO; II. GRAMMATICAL PERSPECTIVES; IMPLICATIONAL DIALECTOLOGY: SECOND PERSONPRONOUNS AND SUFFIXES IN TUNISIAN ARABIC; CLITIC LEFT DISLOCATION IN MOROCCAN ARABIC; ACCESSING PHARYNGEAL PLACEIN PALESTINIAN ARABIC 327 $aTHE DERIVATION OF THE IMPERATIVE IN ARABIC; III. PERSPECTIVES ON THEACQUISITION OF ARABIC; RESETTING PARAMETERS IN ACQUIRING ARABIC; ELLIPSIS AS A MIRROR OF CASE AND AGREEMENTPRINCIPLES IN LANGUAGE ACQUISITION; IV. NEGATION IN ARABIC; THE NEGATION maas?iiIN A YAAFI'I DIALECT (YEMEN); NEGATION IN SOME ARABIC DIALECTS OF THETIHAAMAH OF THE YEMEN; MA-TI RAF XEER-I:VERBAL NEGATION IN EGYPTIAN AND MOROCCAN ARABICPROVERBS; INDEX OF SUBJECTS 330 $aThis volume includes twelve papers selected from the Ninth Annual Symposium on Arabic Linguistics, held at Georgetown University, Washington D.C., 1995. Three of the papers deal with codeswitching with Arabic, two with the acquisition of Arabic, and four with different aspects of Arabic grammatical structure. The volume also includes three papers presenting data on negation in some Arabic dialects (including those of Yemen, Morocco, Egypt).The topics are diverse and include Arabic and constraints on codeswitching, verb embeddings and collocations in codeswitching, ellipsis in child langu 410 0$aAmsterdam studies in the theory and history of linguistic science.$nSeries IV,$pCurrent issues in linguistic theory ;$v141. 606 $aArabic language$vCongresses 615 0$aArabic language 676 $a492.7 676 $a492.705 701 $aEid$b Mushira$0173922 701 $aParkinson$b Dilworth B.$f1951-$0880240 801 0$bMiAaPQ 801 1$bMiAaPQ 801 2$bMiAaPQ 906 $aBOOK 912 $a9910953268503321 996 $aPapers from the annual Symposium on Arabic Linguistics$94375053 997 $aUNINA